| 000 | 00471nam a22001577a 4500 | ||
|---|---|---|---|
| 005 | 20251108165236.0 | ||
| 008 | 250721s1974 xx 000 0 ara d | ||
| 082 | 1 | 4 | _a923/عبد |
| 100 | 1 | _aهوب، ستانتون | |
| 245 | 1 | 0 |
_aالهارب إلى الله : _bقصة الحاج عبد الله وليامسون / |
| 264 | 1 |
_aبيروت : _bالدار المتحدة، _c1974. |
|
| 300 | _a303ص | ||
| 650 | 1 | 7 | _aالتراجم |
| 942 |
_2ddc _cBK |
||
| 999 |
_c23044 _d23044 |
||